000 00766cam a2200265 4500500
005 20260405003820.0
041 _afre
042 _adc
100 1 0 _aLacroix, Alexandre
_eauthor
245 0 0 _aOlivier Sibony : “Il faut se méfier de ses intuitions”
260 _c2024.
500 _a88
690 _aBiais cognitif
690 _aBruit
690 _aChoix
690 _aDaniel Kahneman
690 _aDécision
690 _aEntreprenariat
690 _aEntreprise
690 _aIntuition
690 _aOlivier Sibony
690 _aTravail
786 0 _nPhilosophie magazine | 176 | 1-2 | 2024-02-01 | p. 32-33 | 1951-1787
856 4 1 _uhttps://shs.cairn.info/magazine-philosophie-magazine-2024-2-page-32?lang=fr&redirect-ssocas=7080
999 _c2071082
_d2071082